The capitalist system : radical analysis of American society

Saved in:
Bibliographic Details
Main Author: Edwards, Richard 1944-
Other Authors: Reich, Michael (Editor), Weisskopf, Thomas E. (Editor)
Format: Book
Language:English
Published: Englewood Cliffs : Prentice-Hall, c1986
Edition:3rd ed.
Subjects:
Tags: Add Tag
No Tags, Be the first to tag this record!

MARC

LEADER 00000cam a2200000 i 4500
001 1/76859
008 970409s1986 eng d
020 |a 0-13-113564-3 
035 |l 10004131 
040 |a GR-MY-UA  |b gre  |e aacr 
041 0 |a eng 
082 0 |a 330.973092 
100 1 |a Edwards, Richard  |d 1944- 
245 1 4 |a The capitalist system :  |b radical analysis of American society /  |c Written and edited by Richard C. Edwards, Michael Reich, Thomas E. Weisskopf 
250 |a 3rd ed. 
260 |a Englewood Cliffs :   |b Prentice-Hall,   |c c1986 
300 |a xii, 429 σ.;  |b εικ.;  |c 24 εκ. 
504 |a Βιβλιογραφία: σ. 424-429 
650 0 0 |a Capitalism  |z United States. 
650 0 0 |a Socialism  |z United States. 
651 0 |a United States  |x Economic conditions  |y 1945- 
651 0 |a United States  |x Social conditions  |y 1945- 
700 1 |a Reich, Michael.  |4 edt 
700 1 |a Weisskopf, Thomas E.  |4 edt 
852 |a INST  |b LESVOS  |e 19970409  |h 330.973092 EDW  |p 005100011580  |q 005100011580  |t BK  |y 0 
909 |a Λ  |b 005131